[Event "SD-2020-0-00311"]
[Site "LSS email"]
[Date "2020.07.15"]
[Round "?"]
[White "D'Emilia, Jack"]
[Black "Nowak, Andrzej"]
[Result "1-0"]
[WhiteElo "1534"]
[BlackElo "1513"]
[PlyCount "97"]
[EventDate "2020.01.27"]
[EventType "tourn (corr)"]
[EventRounds "6"]
[EventCountry "GER"]
[SourceTitle "Corr 2022"]
[Source "ChessBase"]
[SourceDate "2021.10.24"]
[SourceVersion "1"]
[SourceVersionDate "2021.10.24"]
[SourceQuality "1"]

1. e4 e5 2. Nf3 Nc6 3. Bb5 a6 4. Ba4 Nf6 5. 0-0 d6 6. c3 b5 7. Bc2 Bb7 8. d4 Be7 9. Nbd2 0-0 10. Re1 Qd7 11. h3 Rfb8 12. Nf1 Nd8 13. Bd2 exd4 14. cxd4 g6 15. N1h2 h5 16. Bh6 a5 17. Qd2 a4 18. Rad1 d5 19. Ne5 Qe8 20. exd5 Nxd5 21. Nd3 a3 22. Nf3 Bc8 23. Nf4 Nxf4 24. Bxf4 Ne6 25. Be5 f6 26. Bg3 Qf8 27. d5 Bb4 28. Qd3 Bxe1 29. Rxe1 Nf4 30. Bxf4 Bf5 31. Qb3 Bxc2 32. Qxc2 Rd8 33. Bxc7 Rxd5 34. Qxg6+ Qg7 35. Qe4 Qf7 36. b3 Ra7 37. Bf4 Rad7 38. Re3 Kh8 39. Nh4 Rd4 40. Qc2 Rd2 41. Qc6 R2d4 42. Be5 fxe5 43. Qh6+ Kg8 44. Rg3+ Qg7 45. Rxg7+ Rxg7 46. Qe6+ Kh7 47. Nf5 Rd1+ 48. Kh2 Rgd7 49. g4 1-0

[Event "SD-2020-0-00311"]
[Site "LSS email"]
[Date "2020.07.14"]
[Round "?"]
[White "Gulbis, Harijs"]
[Black "D'Emilia, Jack"]
[Result "1/2-1/2"]
[WhiteElo "1569"]
[BlackElo "1534"]
[PlyCount "113"]
[EventDate "2020.01.27"]
[EventType "tourn (corr)"]
[EventRounds "6"]
[EventCountry "GER"]
[SourceTitle "Corr 2022"]
[Source "ChessBase"]
[SourceDate "2021.10.24"]
[SourceVersion "1"]
[SourceVersionDate "2021.10.24"]
[SourceQuality "1"]

1. d4 d5 2. Bf4 Nf6 3. e3 Bf5 4. c4 e6 5. Nf3 Be7 6. Nc3 0-0 7. Rc1 c6 8. Qb3 Qb6 9. Nh4 dxc4 10. Qxb6 axb6 11. Nxf5 exf5 12. Bxc4 b5 13. Bb3 Nbd7 14. 0-0 Nb6 15. a3 Nc4 16. Rc2 Nd5 17. Ne2 Ncb6 18. Be5 Rfc8 19. h3 h5 20. Rfc1 b4 21. axb4 Nxb4 22. Rd2 N4d5 23. Rdd1 Ra5 24. Ra1 Rb5 25. Nc1 Rd8 26. Ra7 Rd7 27. Bc2 g6 28. Nd3 Kf8 29. Rda1 Nb4 30. Nxb4 Rxb4 31. R7a2 f6 32. Bb8 h4 33. b3 Kf7 34. Ra7 Bf8 35. Kf1 Bh6 36. R7a2 Nd5 37. Ba7 f4 38. exf4 Bxf4 39. Bc5 Rb5 40. Ra8 Kg7 41. Bf8+ Kh7 42. Re8 Bd2 43. Bc5 Nc7 44. Re2 Bb4 45. Ra4 Bxc5 46. dxc5 Rxc5 47. Rxh4+ Kg7 48. b4 Rcd5 49. f4 Rb5 50. Bd3 Rxb4 51. Rg4 Rxd3 52. Re7+ Kf8 53. Rxc7 Re3 54. Rxg6 Rxf4+ 55. Kg1 Re1+ 56. Kh2 Re7 57. Rxe7 1/2-1/2